Planificación de la empresa del futuro (Registro nro. 36446)

Detalles MARC
000 -LEADER
fixed length control field 01269 a2200217 4500
001 - CONTROL NUMBER
control field 63968
005 - DATE AND TIME OF LATEST TRANSACTION
control field 20260521160827.0
008 - FIXED-LENGTH DATA ELEMENTS--GENERAL INFORMATION
fixed length control field 260521a1983 arg spa d
003 - CONTROL NUMBER IDENTIFIER
control field AR-UNSa-BCEJYS
040 ## - CATALOGING SOURCE
Original cataloging agency AR-UNSa-BCEJYS
Language of cataloging spa
Transcribing agency AR-UNSa-BCEJYS
080 ## - UNIVERSAL DECIMAL CLASSIFICATION NUMBER
Universal Decimal Classification number 658.012.2
Common auxiliary subdivision Planificación. Programas. Planes. Medidas de apoyo a la planificación( Administración estratégica...)
020 ## - INTERNATIONAL STANDARD BOOK NUMBER
International Standard Book Number 978-968-18-1617-9
041 ## - LANGUAGE CODE
Language code of text/sound track or separate title spa
100 1# - MAIN ENTRY--PERSONAL NAME
Personal name Ackoff, Ruseell L.
245 10 - TITLE STATEMENT
Title Planificación de la empresa del futuro
Name of part/section of a work Planear o ser planeado
264 #1 - PRODUCTION, PUBLICATION, DISTRIBUTION, MANUFACTURE, AND COPYRIGHT NOTICE
Place of production, publication, distribution, manufacture México :
Name of producer, publisher, distributor, manufacturer Limusa
Date of production, publication, distribution, manufacture, or copyright notice 1983
300 ## - PHYSICAL DESCRIPTION
Extent 354 p.
Dimensions 23 cm.
505 ## - FORMATTED CONTENTS NOTE
Formatted contents note 1. Concepto cambiante del mundo – 2. Concepto cambiante de la empresa – 3. Concepto cambiante de planeación – 4. Formulación de la problemática – 5. Planeación de los fines: el diseño idealizado – 6. Planeación de los fines: diseños de los sistemas de administración – 7. Planeación de los fines: diseño de la organización – 8. Planeación de los medios: formulación de alternativas – 9. Planeación de los medios: evaluación de alternativas – 10. Planeación de los recursos – 11. Implementación y control de los planes y la planeación –
590 ## - LOCAL NOTE (RLIN)
Local note niveau_biblio:m niveau_hierar:0
942 ## - ADDED ENTRY ELEMENTS (KOHA)
Koha item type
Existencias
Withdrawn status Lost status Damaged status Not for loan Home library Current library Shelving location Date acquired Total checkouts Full call number Barcode Date last seen Price effective from Koha item type
        Biblioteca Prof. Eusebio Cleto del Rey Biblioteca Prof. Eusebio Cleto del Rey   21/05/2026   658.012.2 A182p L53712 21/05/2026 21/05/2026 Libro